000
00292nam a22001337a 4500
999
_c
534324
_d
534324
020
_a
9695731023
040
_c
MSOHAIL
082
_a
891.4393
100
_a
Shahid Siddiqui
_9
28468
245
_a
Adhe Adhoore Khwab:
260
_a
Lahore
_b
Jhangir Books
300
_a
176;p
942
_2
ddc
_c
BK